[Event "Dieren op"]
[Site "Dieren"]
[Date "2005.07.28"]
[Round "3"]
[White "Straat, Rody F"]
[Black "Etmans, Maarten D"]
[Result "1/2-1/2"]
[WhiteElo "2004"]
[BlackElo "2171"]
[PlyCount "65"]
[EventDate "2005.07.26"]
[EventType "swiss"]
[EventRounds "9"]
[EventCountry "NED"]
[SourceTitle "CBM 107 Extra"]
[Source "ChessBase"]
[SourceDate "2005.09.01"]
[SourceVersion "1"]
[SourceVersionDate "2005.09.01"]
[SourceQuality "1"]

1. e4 Nf6 2. e5 Ng8 3. d4 d6 4. exd6 exd6 5. Bd3 Nf6 6. Ne2 Bg4 7. 0-0 Be7 8. c4 d5 9. cxd5 Nxd5 10. Nbc3 0-0 11. Qb3 Nb4 12. Be4 c6 13. a3 Be6 14. Qd1 Nd5 15. Nf4 Nxf4 16. Bxf4 Bf6 17. Be5 Bxe5 18. dxe5 Qxd1 19. Rfxd1 Nd7 20. f4 Nc5 21. b4 Nb3 22. Rab1 Rad8 23. Rxd8 Rxd8 24. Rd1 Nd4 25. Kf2 b6 26. Ne2 c5 27. Nxd4 cxd4 28. Rc1 g6 29. Ke2 Kg7 30. Rc7 a5 31. bxa5 bxa5 32. Kd3 Ba2 33. Kd2 1/2-1/2

[Event "Dieren op"]
[Site "Dieren"]
[Date "2005.07.27"]
[Round "2"]
[White "Hilverda, Alexander"]
[Black "Straat, Rody F"]
[Result "1/2-1/2"]
[WhiteElo "2160"]
[BlackElo "2004"]
[PlyCount "104"]
[EventDate "2005.07.26"]
[EventType "swiss"]
[EventRounds "9"]
[EventCountry "NED"]
[SourceTitle "CBM 107 Extra"]
[Source "ChessBase"]
[SourceDate "2005.09.01"]
[SourceVersion "1"]
[SourceVersionDate "2005.09.01"]
[SourceQuality "1"]

1. e4 e5 2. Nf3 Nc6 3. Bb5 d6 4. d4 Bd7 5. 0-0 exd4 6. Nxd4 g6 7. Nc3 Bg7 8. Bxc6 bxc6 9. Re1 Ne7 10. Bg5 0-0 11. f4 Re8 12. e5 Qb8 13. exd6 Qxb2 14. dxe7 Qxc3 15. Nb3 Be6 16. Qe2 Bf6 17. Bxf6 Qxf6 18. Qe4 Rxe7 19. Nd4 Rd7 20. Nxe6 Qxe6 21. Qxe6 fxe6 22. Rxe6 Rd6 23. Re7 Rd2 24. Rxc7 Rxc2 25. Rb1 Rxa2 26. Rbb7 Ra4 27. Rg7+ Kh8 28. Rxh7+ Kg8 29. Rhf7 a5 30. h4 Rb4 31. Rg7+ Kh8 32. Rh7+ Kg8 33. Rbg7+ Kf8 34. Rf7+ Kg8 35. Rhg7+ Kh8 36. Rh7+ Kg8 37. Rfg7+ Kf8 38. h5 gxh5 39. f5 Rf4 40. Rc7 Kg8 41. Rxh5 a4 42. Rxc6 Rg4 43. Rc2 a3 44. Ra2 Rg3 45. Kh2 Rb3 46. Rh3 Rxh3+ 47. Kxh3 Kf7 48. g4 Kf6 49. Kh4 Rh8+ 50. Kg3 Ra8 51. Kf4 Ra4+ 52. Kf3 Kg5 1/2-1/2

[Event "Soest op"]
[Site "Soest"]
[Date "2001.05.26"]
[Round "3.9"]
[White "Jens, Jelmer"]
[Black "Straat, Rody F"]
[Result "1-0"]
[WhiteElo "2257"]
[BlackElo "1885"]
[PlyCount "49"]
[EventDate "2001.05.25"]
[EventType "swiss"]
[EventRounds "7"]
[EventCountry "NED"]
[SourceTitle "EXT 2002"]
[Source "ChessBase"]
[SourceDate "2001.11.25"]
[SourceVersion "1"]
[SourceVersionDate "2001.11.25"]
[SourceQuality "1"]

1. e4 Nf6 2. e5 Nd5 3. d4 d6 4. Nf3 Bg4 5. Be2 c6 6. c4 Nb6 7. Nbd2 dxe5 8. dxe5 e6 9. 0-0 N8d7 10. b3 Qc7 11. Bb2 0-0-0 12. Qc2 Be7 13. Rfe1 f5 14. exf6 Bxf6 15. Nd4 Bxd4 16. Bxg4 Qf4 17. Bxd4 Qxg4 18. Qc3 Nf6 19. Bxf6 gxf6 20. Ne4 Rhf8 21. Nxf6 Qf4 22. Ne4 Nd7 23. Qe3 Qxe3 24. Rxe3 Nf6 25. Ng5 1-0

[Event "Soest op"]
[Site "Soest"]
[Date "2001.05.26"]
[Round "4.27"]
[White "Straat, Rody F"]
[Black "Ooms, Frans"]
[Result "1-0"]
[WhiteElo "1885"]
[BlackElo "1721"]
[PlyCount "69"]
[EventDate "2001.05.25"]
[EventType "swiss"]
[EventRounds "7"]
[EventCountry "NED"]
[SourceTitle "EXT 2002"]
[Source "ChessBase"]
[SourceDate "2001.11.25"]
[SourceVersion "1"]
[SourceVersionDate "2001.11.25"]
[SourceQuality "1"]

1. e4 e6 2. d4 d5 3. Nd2 Nf6 4. e5 Nfd7 5. Bd3 c5 6. c3 Nc6 7. Ne2 cxd4 8. cxd4 Qb6 9. Nf3 f6 10. exf6 Nxf6 11. 0-0 Bd6 12. b3 0-0 13. Bf4 Bxf4 14. Nxf4 Qc7 15. g3 Bd7 16. Rc1 Rae8 17. Re1 Qd6 18. Ne5 Bc8 19. Bb5 Bd7 20. Nxd7 Nxd7 21. Bxc6 bxc6 22. Nd3 Rf6 23. Ne5 Nb6 24. Rxc6 Qf8 25. Rxb6 axb6 26. Nd7 Qf7 27. Nxf6+ Qxf6 28. Re5 Rf8 29. Qe2 Kf7 30. Qb5 Kg8 31. f4 Qg6 32. Qxb6 Qb1+ 33. Kf2 Qh1 34. Qxe6+ Kh8 35. Qxd5 1-0